000 00253nam a2200097Ia 4500
005 20251222114415.0
008 251222s1900||||xx |||||||||||||| ||spa||
082 _aDVD0070/F49/2004
245 0 _aTu marcheras sur l'eau:Caminando sobre las aguas
942 _cDVD
999 _c2187
_d2187